[Event "Cto Equipos Aragon 2013 Div. Honor II"]
[Site "Aragon"]
[Date "2013.02.16"]
[Round "4.23"]
[White "Colom Sienes, Eduardo"]
[Black "Lopez Caudevilla, David"]
[Result "0-1"]
[WhiteElo "2028"]
[BlackElo "2018"]
[PlyCount "44"]
[EventDate "2013.??.??"]
[EventType "tourn"]
[EventRounds "7"]
[EventCountry "ESP"]
[WhiteTeam "Ramiro"]
[BlackTeam "Actur Rey Fernando"]

1. e4 d6 2. d4 Nf6 3. Nc3 g6 4. Be2 Bg7 5. h4 c5 6. dxc5 Qa5 7. Kf1 Qxc5 8. Be3
Qa5 9. h5 O-O 10. Qd2 Be6 11. hxg6 fxg6 12. Bh6 Nbd7 13. Bxg7 Kxg7 14. Qh6+ Kg8
15. g4 Rf7 16. Nh3 Qb6 17. Nf4 Qxb2 18. Rb1 Qxc3 19. Nxe6 Qxc2 20. Rc1 Qb2 21.
Rc7 Nxg4 22. Qg5 Rxf2+ 0-1

[Event "Cto Equipos Aragon 2013 Div. Honor II"]
[Site "Aragon"]
[Date "2013.02.16"]
[Round "4.24"]
[White "Cid Royo, Oscar"]
[Black "Palacios Herrero, Pablo"]
[Result "0-1"]
[WhiteElo "2040"]
[BlackElo "1963"]
[PlyCount "78"]
[EventDate "2013.??.??"]
[EventType "tourn"]
[EventRounds "7"]
[EventCountry "ESP"]
[WhiteTeam "Actur Rey Fernando"]
[BlackTeam "Ramiro"]

1. d4 e6 2. Nf3 Nf6 3. g3 c5 4. Bg2 Nc6 5. O-O d5 6. b3 Be7 7. Bb2 O-O 8. Nbd2
Qc7 9. c4 Rd8 10. cxd5 Nxd5 11. dxc5 Bxc5 12. Rc1 Bb6 13. Ne5 Ne3 14. Nxc6 bxc6
15. Qe1 Bb7 16. Nc4 Nxf1 17. Kxf1 Bd4 18. Bxd4 Rxd4 19. Na5 Rd6 20. Nc4 Rd7 21.
Na5 Rc8 22. Qb4 Qb6 23. Qc3 Ba8 24. b4 a6 25. Bf3 Qb5 26. Nb3 Rcd8 27. Rc2 Bb7
28. Nc5 Rd1+ 29. Kg2 R1d4 30. a3 Bc8 31. e3 R4d6 32. Be2 Qb8 33. Bf3 e5 34.
Qxe5 Bh3+ 35. Kxh3 Rh6+ 36. Qh5 Rxh5+ 37. Bxh5 Qe5 38. Bg4 h5 39. Bd7 Rxd7 0-1

[Event "Cto Equipos Aragon 2013 Div. Honor II"]
[Site "Aragon"]
[Date "2013.02.16"]
[Round "4.25"]
[White "Carretero Cacho, Juan Jose"]
[Black "Martinez Catalan, Francisco Javier"]
[Result "0-1"]
[WhiteElo "2139"]
[BlackElo "2240"]
[PlyCount "82"]
[EventDate "2013.??.??"]
[EventType "tourn"]
[EventRounds "7"]
[EventCountry "ESP"]
[WhiteTeam "Agrupacion B"]
[BlackTeam "L`Aurora Estadilla"]

1. e4 e6 2. d3 d5 3. Nd2 Nf6 4. Ngf3 Bc5 5. e5 Nfd7 6. g3 f6 7. d4 Bb6 8. Bh3
fxe5 9. dxe5 Qe7 10. O-O O-O 11. Qe2 c5 12. Bg2 Nc6 13. Nb3 Bc7 14. Bf4 h6 15.
h4 Rd8 16. g4 Qf7 17. Bg3 Nf8 18. Nh2 Qg6 19. c3 b6 20. f4 a5 21. Rfd1 Ba6 22.
Qf2 Qf7 23. Nd2 Bd3 24. Ndf1 c4 25. Nf3 Nd7 26. Ne3 Nc5 27. Nd2 Ne7 28. Bf3
Rac8 29. Kh2 Rf8 30. Ng2 Ne4 31. Bxe4 dxe4 32. Re1 Qg6 33. Kh3 Nd5 34. h5 Qh7
35. Qg1 b5 36. Qa7 g6 37. Qa6 Bb6 38. Nh4 gxh5 39. gxh5 Qd7 40. a4 bxa4 41.
Nxc4 Bxc4 0-1

[Event "Cto Equipos Aragon 2013 Div. Honor II"]
[Site "Aragon"]
[Date "2013.02.16"]
[Round "4.26"]
[White "Solano Lasierra, Javier"]
[Black "Larrosa Poves, Jose Manuel"]
[Result "1-0"]
[WhiteElo "2188"]
[BlackElo "1983"]
[PlyCount "67"]
[EventDate "2013.??.??"]
[EventType "tourn"]
[EventRounds "7"]
[EventCountry "ESP"]
[WhiteTeam "L`Aurora Estadilla"]
[BlackTeam "Agrupacion B"]

1. c4 e5 2. g3 Nf6 3. Bg2 d5 4. cxd5 Nxd5 5. Nf3 Nc6 6. O-O Nb6 7. b3 Be7 8.
Bb2 f6 9. d3 O-O 10. Nbd2 Be6 11. a3 Bd5 12. e3 Qd7 13. Qc2 Rad8 14. Rfd1 Bd6
15. Nc4 Qe6 16. e4 Bxc4 17. dxc4 Bc5 18. Rd5 Nd4 19. Nxd4 Bxd4 20. Bxd4 Nxd5
21. cxd5 Qd7 22. Bc5 Rf7 23. Bf1 b6 24. Be3 a5 25. Rc1 g6 26. d6 c5 27. Rd1 Kg7
28. Bc4 Rff8 29. Qd2 g5 30. Kg2 h5 31. h4 gxh4 32. Bh6+ Kh7 33. Bxf8 Rxf8 34.
Rh1 1-0

[Event "Cto Equipos Aragon 2013 Div. Honor II"]
[Site "Aragon"]
[Date "2013.02.16"]
[Round "4.27"]
[White "Martinez Crespo, Juan"]
[Black "Escuer Sanchez, Nestor"]
[Result "0-1"]
[WhiteElo "1857"]
[BlackElo "2063"]
[PlyCount "66"]
[EventDate "2013.??.??"]
[EventType "tourn"]
[EventRounds "7"]
[EventCountry "ESP"]
[WhiteTeam "Agrupacion B"]
[BlackTeam "L`Aurora Estadilla"]

1. e4 e6 2. d4 d5 3. Nd2 Nf6 4. e5 Nfd7 5. Bd3 c5 6. c3 Nc6 7. Ne2 cxd4 8. cxd4
f6 9. exf6 Nxf6 10. O-O Bd6 11. Nf3 Qc7 12. Nc3 a6 13. Bg5 O-O 14. Re1 Bd7 15.
Qe2 Rae8 16. h3 Re7 17. Rac1 Be8 18. Qe3 h6 19. Bxf6 Rxf6 20. Ne5 Qb6 21. Nxc6
Bxc6 22. Nd1 Bf4 23. Rxc6 bxc6 24. Qe2 Qxd4 25. Bxa6 Ra7 26. Nc3 Bg3 27. Rf1
Bxf2+ 28. Kh1 Qe3 29. Bc8 Qxe2 30. Nxe2 Rxa2 31. Bxe6+ Rxe6 32. Rxf2 Rxb2 33.
Nd4 Re1+ 0-1

[Event "Cto Equipos Aragon 2013 Div. Honor II"]
[Site "Aragon"]
[Date "2013.02.16"]
[Round "4.28"]
[White "Felez Casedas, Carlos"]
[Black "Subira Navarro, Oscar"]
[Result "1/2-1/2"]
[WhiteElo "2012"]
[BlackElo "1592"]
[PlyCount "90"]
[EventDate "2013.??.??"]
[EventType "tourn"]
[EventRounds "7"]
[EventCountry "ESP"]
[WhiteTeam "L`Aurora Estadilla"]
[BlackTeam "Agrupacion B"]

1. e4 c5 2. c3 g6 3. Nf3 Bg7 4. d4 cxd4 5. cxd4 d6 6. Bc4 Nf6 7. Nc3 O-O 8. Bb3
Nc6 9. h3 Na5 10. Bc2 Nc4 11. O-O a6 12. b3 Nb6 13. Be3 Re8 14. Rc1 Nbd7 15.
Bb1 b5 16. e5 dxe5 17. dxe5 Nh5 18. Be4 Rb8 19. g4 Nxe5 20. Nxe5 Bxe5 21. Qxd8
Rxd8 22. gxh5 Bxh3 23. Rfe1 e6 24. hxg6 hxg6 25. Ne2 Kg7 26. Bf4 Bxf4 27. Nxf4
Bg4 28. f3 Bf5 29. Bxf5 exf5 30. Red1 Rbc8 31. Kf1 Rxd1+ 32. Rxd1 Rc2 33. Ra1
Kf6 34. Ne2 Kg5 35. f4+ Kf6 36. a4 Rd2 37. axb5 axb5 38. Ra6+ Kg7 39. Rb6 Rd5
40. Kf2 f6 41. Ke3 g5 42. Nc3 gxf4+ 43. Kxf4 Rd3 44. Nxb5 Rxb3 45. Kxf5 Rf3+
1/2-1/2

[Event "Cto Equipos Aragon 2013 Div. Honor II"]
[Site "Aragon"]
[Date "2013.02.16"]
[Round "4.29"]
[White "Garza Marco, Sergio"]
[Black "Forcen Esteban, Daniel"]
[Result "1-0"]
[WhiteElo "2438"]
[BlackElo "2467"]
[PlyCount "67"]
[EventDate "2013.??.??"]
[EventType "tourn"]
[EventRounds "7"]
[EventCountry "ESP"]
[WhiteTeam "Jaime Casas"]
[BlackTeam "Ibercaja"]

1. d4 Nf6 2. c4 g6 3. Nc3 Bg7 4. e4 d6 5. Nf3 O-O 6. h3 e5 7. d5 a5 8. Bg5 Na6
9. Nd2 Qe8 10. g4 Nd7 11. Rg1 Kh8 12. Qf3 f6 13. Be3 Ndc5 14. Qg2 Na4 15. Nxa4
Qxa4 16. f3 Qc2 17. Nb1 Nb4 18. Na3 Qxg2 19. Rxg2 f5 20. Be2 fxe4 21. fxe4 Bf6
22. Kd2 c6 23. Nb1 a4 24. a3 Na6 25. Nc3 Nc5 26. Rf1 Bd7 27. Rgf2 Be7 28. Rf7
Nb3+ 29. Kc2 Rfe8 30. Nxa4 Rxa4 31. Kxb3 b5 32. Bh6 Raa8 33. cxb5 cxb5 34. Rg7
1-0

[Event "Cto Equipos Aragon 2013 Div. Honor II"]
[Site "Aragon"]
[Date "2013.02.16"]
[Round "4.30"]
[White "Baron Rodriguez, Jesus"]
[Black "Antoli Royo, Joaquin Miguel"]
[Result "1/2-1/2"]
[WhiteElo "2438"]
[BlackElo "2412"]
[PlyCount "110"]
[EventDate "2013.??.??"]
[EventType "tourn"]
[EventRounds "7"]
[EventCountry "ESP"]
[WhiteTeam "Ibercaja"]
[BlackTeam "Jaime Casas"]

1. e4 c5 2. Nc3 Nc6 3. Bb5 Nd4 4. Bc4 a6 5. Nf3 e6 6. a4 Ne7 7. Nxd4 cxd4 8.
Ne2 d5 9. exd5 Nxd5 10. O-O Nf6 11. d3 Be7 12. Ng3 O-O 13. f4 Bd7 14. f5 e5 15.
Qe2 Qc7 16. Bg5 Rae8 17. Nh5 Bc6 18. Bxf6 Bxf6 19. Qg4 Kh8 20. Rae1 Qd8 21. Bb3
Bg5 22. h4 Bh6 23. Re2 g6 24. Ng3 Be3+ 25. Kh2 Bf4 26. Rxf4 exf4 27. Qxf4 Qf6
28. Kg1 Rxe2 29. Nxe2 Rd8 30. fxg6 Qxf4 31. Nxf4 fxg6 32. g4 Rf8 33. Ne6 Rf3
34. g5 Rh3 35. Kf2 Bd7 36. Nxd4 Rxh4 37. Nf3 Rf4 38. Ke3 Rf8 39. d4 Kg7 40. Ne5
Bf5 41. c4 h6 42. gxh6+ Kxh6 43. c5 Kg7 44. Bd5 Bc8 45. b4 g5 46. b5 axb5 47.
axb5 Re8 48. c6 bxc6 49. Bxc6 Re7 50. b6 Bb7 51. Bxb7 Rxb7 52. Nc4 Re7+ 53. Kf3
Rd7 54. Ke4 g4 55. Ne5 Rb7 {(=)} 1/2-1/2

[Event "Cto Equipos Aragon 2013 Div. Honor II"]
[Site "Aragon"]
[Date "2013.02.16"]
[Round "4.31"]
[White "Ramiro Ovejero, Juan Luis"]
[Black "Romon Poves, Raul"]
[Result "1-0"]
[WhiteElo "2362"]
[BlackElo "2299"]
[PlyCount "135"]
[EventDate "2013.??.??"]
[EventType "tourn"]
[EventRounds "7"]
[EventCountry "ESP"]
[WhiteTeam "Jaime Casas"]
[BlackTeam "Ibercaja"]

1. e4 c5 2. Nf3 Nc6 3. Bb5 d6 4. Bxc6+ bxc6 5. O-O e5 6. c3 f5 7. d4 fxe4 8.
Ng5 d5 9. dxe5 Be7 10. Qa4 Qb6 11. c4 Qa6 12. Qc2 h6 13. Nxe4 dxe4 14. Qxe4 Kf7
15. f4 g6 16. Qe2 h5 17. f5 Bxf5 18. Nc3 Kg7 19. Ne4 Be6 20. b3 Nh6 21. Rf6 Bf5
22. Bg5 Nf7 23. Rxf5 Nxg5 24. Rxg5 Bxg5 25. Nxg5 Qc8 26. e6 Qd8 27. Qe5+ Kg8
28. Nf7 Qd4+ 29. Qxd4 cxd4 30. Nxh8 Kxh8 31. Rd1 c5 32. Re1 Kg7 33. e7 Kf7 34.
Re5 Rc8 35. Kf2 Ke8 36. Ke2 a5 37. Kd3 a4 38. bxa4 Ra8 39. Rxc5 Rxa4 40. Rg5
Rxa2 41. Rxg6 Kxe7 42. Kxd4 h4 43. h3 Kf7 44. Rg4 Kf6 45. Kd5 Ke7 46. Ke5 Ra5+
47. Kf4 Rc5 48. Kf3 Rf5+ 49. Rf4 Rh5 50. Kg4 Rh8 51. Rf5 Ke6 52. c5 Rh7 53. Rg5
Rh8 54. Kf4 Kd7 55. Rg6 Kc7 56. Ke5 Rh5+ 57. Kd4 Rf5 58. Rg4 Rh5 59. Kc4 Kc6
60. Rg6+ Kc7 61. Kb5 Rf5 62. Rg7+ Kd8 63. Kb6 Rf2 64. Rg8+ Kd7 65. c6+ Kd6 66.
Rd8+ Ke7 67. c7 Rb2+ 68. Ka5 1-0

[Event "Cto Equipos Aragon 2013 Div. Honor II"]
[Site "Aragon"]
[Date "2013.02.16"]
[Round "4.32"]
[White "Jimenez Fernandez, Alejandro"]
[Black "Fontana Sotomayor, Luis Javier"]
[Result "0-1"]
[WhiteElo "2011"]
[BlackElo "2315"]
[PlyCount "58"]
[EventDate "2013.??.??"]
[EventType "tourn"]
[EventRounds "7"]
[EventCountry "ESP"]
[WhiteTeam "Ibercaja"]
[BlackTeam "Jaime Casas"]

1. d4 d5 2. c4 c6 3. Nc3 Nf6 4. Nf3 g6 5. Bf4 dxc4 6. a4 Bg7 7. e3 Be6 8. Nd2
Nd5 9. Bxb8 Rxb8 10. Bxc4 Nxc3 11. bxc3 Bxc4 12. Nxc4 Qd5 13. Qe2 Qxg2 14. Kd2
O-O 15. h4 b5 16. axb5 cxb5 17. Nb2 b4 18. c4 Qc6 19. f4 Rfd8 20. Qh2 Bxd4 21.
exd4 Rxd4+ 22. Kc1 Qf3 23. Ra5 Qe3+ 24. Kb1 Rd2 25. Qg1 Rxb2+ 26. Kxb2 Qd2+ 27.
Kb1 b3 28. Qh2 Qxa5 29. h5 b2 0-1

[Event "Cto Equipos Aragon 2013 Preferente I"]
[Site "Aragon"]
[Date "2013.02.16"]
[Round "4.33"]
[White "Inglan Bielsa, Fernando"]
[Black "Aparicio Navarro, Pedro Jose"]
[Result "0-1"]
[WhiteElo "2091"]
[BlackElo "2175"]
[PlyCount "96"]
[EventDate "2013.??.??"]
[EventType "tourn"]
[EventRounds "9"]
[EventCountry "ESP"]
[WhiteTeam "Jaime Casas B"]
[BlackTeam "Helios B"]

1. e4 c5 2. Nf3 e6 3. d4 cxd4 4. Nxd4 a6 5. c4 Nf6 6. Nc3 Bb4 7. Bd3 O-O 8. O-O
d6 9. a3 Bxc3 10. bxc3 b6 11. a4 Bb7 12. Re1 Nbd7 13. f3 Rc8 14. a5 Ne5 15. Rb1
Nfd7 16. Ba3 Nxd3 17. Qxd3 Ne5 18. Qc2 Nxc4 19. Bc1 Nxa5 20. Qd3 Nc4 21. Rd1 d5
22. exd5 Qxd5 23. Qe2 Rfd8 24. Bf4 Qc5 25. Kh1 e5 26. Nb3 Qc7 27. Bg3 f6 28.
Bf2 Na3 29. Rxd8+ Rxd8 30. Rd1 Rc8 31. Qe3 Nc4 32. Qe2 a5 33. h4 a4 34. Nc1 b5
35. Na2 Rd8 36. Kg1 Rxd1+ 37. Qxd1 Qd6 38. Qb1 Qd7 39. Qb4 e4 40. fxe4 Bxe4 41.
Qc5 Qd1+ 42. Kh2 Qg4 43. Bg3 Nd2 44. Qxb5 h5 45. Nb4 a3 46. Na2 Kh7 47. Nb4 Qd1
48. Qb8 Nf1+ 0-1

[Event "Cto Equipos Aragon 2013 Preferente I"]
[Site "Aragon"]
[Date "2013.02.16"]
[Round "4.34"]
[White "Munoz Munoz, Juan Carlos"]
[Black "Maza Broto, Pablo"]
[Result "0-1"]
[WhiteElo "2092"]
[BlackElo "2037"]
[PlyCount "70"]
[EventDate "2013.??.??"]
[EventType "tourn"]
[EventRounds "9"]
[EventCountry "ESP"]
[WhiteTeam "Helios B"]
[BlackTeam "Jaime Casas B"]

1. d4 Nf6 2. Nf3 d6 3. g3 Nbd7 4. Bg2 e5 5. c4 c6 6. O-O Be7 7. Nc3 O-O 8. h3
Re8 9. e4 Bf8 10. Be3 exd4 11. Nxd4 Nc5 12. Qc2 a5 13. Rad1 Qc7 14. Rfe1 g6 15.
f4 Be6 16. Nxe6 Rxe6 17. f5 gxf5 18. exf5 Rxe3 19. Rxe3 Bh6 20. Re2 d5 21. g4
dxc4 22. Ne4 Ncxe4 23. Bxe4 Qg3+ 24. Bg2 Nd5 25. Rde1 Be3+ 26. Kh1 Re8 27. f6
Re5 28. Qd1 h5 29. Bxd5 Rxd5 30. Qc2 Qf3+ 31. Rg2 Rd2 32. Qxd2 Bxd2 33. Re8+
Kh7 34. gxh5 Qf1+ 35. Kh2 Bf4+ 0-1

[Event "Cto Equipos Aragon 2013 Preferente I"]
[Site "Aragon"]
[Date "2013.02.16"]
[Round "4.36"]
[White "Flores, Francisco"]
[Black "Salas Latorre, Jose"]
[Result "1-0"]
[WhiteElo "1850"]
[BlackElo "1797"]
[PlyCount "93"]
[EventDate "2013.??.??"]
[EventType "tourn"]
[EventRounds "9"]
[EventCountry "ESP"]
[WhiteTeam "Helios B"]
[BlackTeam "Jaime Casas B"]

1. d4 d5 2. c4 e6 3. Nc3 Nf6 4. e3 c6 5. Nf3 Bd6 6. Qc2 Nbd7 7. Bd3 O-O 8. O-O
dxc4 9. Bxc4 e5 10. Rd1 Qe7 11. Bd3 Re8 12. e4 exd4 13. Nxd4 Bxh2+ 14. Kxh2
Qe5+ 15. Kg1 Qxd4 16. Be3 Qb4 17. Be2 Qe7 18. Re1 Ne5 19. f3 Nh5 20. Bf2 Nf4
21. Bf1 Qg5 22. Re3 Bh3 23. g3 Qg6 24. Ne2 Nxe2+ 25. Qxe2 Bxf1 26. Rxf1 Rad8
27. Rd1 Qe6 28. b3 Rd6 29. Rxd6 Qxd6 30. f4 Nd7 31. Rd3 Qc7 32. Qd2 Nb6 33. a4
h6 34. a5 Na8 35. Rd7 Qc8 36. e5 Nc7 37. Rd3 Nd5 38. Bxa7 Qg4 39. Bf2 Nxf4 40.
Qxf4 Qe6 41. b4 Qa2 42. Rd7 Qb1+ 43. Kg2 Qb3 44. Rxb7 Qd5+ 45. Qf3 Qxe5 46. a6
Qe6 47. a7 1-0

[Event "Cto Equipos Aragon 2013 Preferente I"]
[Site "Aragon"]
[Date "2013.02.16"]
[Round "4.37"]
[White "Roche Simon, Manuel Angel"]
[Black "Antonano Fernandez, Avelino"]
[Result "0-1"]
[WhiteElo "2134"]
[BlackElo "2099"]
[PlyCount "58"]
[EventDate "2013.??.??"]
[EventType "tourn"]
[EventRounds "9"]
[EventCountry "ESP"]
[WhiteTeam "CCOO Delicias"]
[BlackTeam "St. Casablanca C"]

1. e4 b6 2. d4 Bb7 3. Bd3 e6 4. Nf3 Nf6 5. Qe2 Be7 6. O-O d5 7. e5 Nfd7 8. a4
c5 9. c3 Nc6 10. h3 cxd4 11. cxd4 Nb4 12. Nc3 Nxd3 13. Qxd3 O-O 14. Re1 Nb8 15.
Bd2 Nc6 16. Na2 a5 17. Bc3 Ba6 18. Qd2 b5 19. axb5 Bxb5 20. b3 Qb6 21. Nc1 Nb4
22. Na2 Nc6 23. Qe3 a4 24. Nc1 a3 25. Na2 Ba6 26. Rab1 Rfc8 27. Nd2 Nb4 28.
Nxb4 Bxb4 29. Rec1 Qc7 0-1

[Event "Cto Equipos Aragon 2013 Preferente I"]
[Site "Aragon"]
[Date "2013.02.16"]
[Round "4.38"]
[White "Juberias Segura, Santiago"]
[Black "Naya Sancho, Jose Ignacio"]
[Result "1/2-1/2"]
[WhiteElo "2045"]
[BlackElo "2130"]
[PlyCount "65"]
[EventDate "2013.??.??"]
[EventType "tourn"]
[EventRounds "9"]
[EventCountry "ESP"]
[WhiteTeam "St. Casablanca B"]
[BlackTeam "CCOO Delicias"]

1. c4 e6 2. g3 Nf6 3. Bg2 d5 4. Nf3 Be7 5. O-O O-O 6. d4 dxc4 7. Qc2 a6 8. Nbd2
c5 9. dxc5 Bxc5 10. Ne5 Nbd7 11. Ndxc4 Nxe5 12. Nxe5 Qc7 13. Be3 Bd6 14. Nc4
Nd5 15. Qb3 Nxe3 16. Nxe3 Rb8 17. Rac1 Qe7 18. Qb6 e5 19. Rfd1 Rd8 20. Nd5 Qf8
21. Rc3 Bg4 22. Kf1 Kh8 23. Ne3 Be6 24. Bd5 Bxd5 25. Nxd5 Bb4 26. Rcd3 e4 27.
Rb3 Bc5 28. Qc7 b5 29. Qf4 Qe8 30. Rc3 Bd6 31. Qe3 Qe6 32. Rc6 Qh3+ 33. Kg1
1/2-1/2

[Event "Cto Equipos Aragon 2013 Preferente I"]
[Site "Aragon"]
[Date "2013.02.16"]
[Round "4.39"]
[White "Llanes Luno, Pedro Alfredo"]
[Black "Alvarez Gonzalo, Miguel Angel"]
[Result "1-0"]
[WhiteElo "2102"]
[BlackElo "1973"]
[PlyCount "63"]
[EventDate "2013.??.??"]
[EventType "tourn"]
[EventRounds "9"]
[EventCountry "ESP"]
[WhiteTeam "CCOO Delicias"]
[BlackTeam "St. Casablanca C"]

1. e4 c5 2. Nf3 d6 3. d4 Nf6 4. Nc3 cxd4 5. Nxd4 a6 6. Bg5 e6 7. f4 Be7 8. Qf3
Qc7 9. O-O-O b5 10. g4 Nbd7 11. Bxf6 gxf6 12. h4 Bb7 13. Bd3 Nc5 14. Kb1 b4 15.
Nce2 d5 16. Ng3 Nxd3 17. cxd3 Qb6 18. Nge2 a5 19. g5 a4 20. gxf6 Bc5 21. Qe3 b3
22. a3 Ra5 23. e5 Bxd4 24. Nxd4 Ba6 25. Rc1 Rc5 26. Rxc5 Qxc5 27. Rc1 Qa7 28.
f5 exf5 29. e6 f4 30. exf7+ Kxf7 31. Qe6+ Kf8 32. Qd6+ 1-0

[Event "Cto Equipos Aragon 2013 Preferente I"]
[Site "Aragon"]
[Date "2013.02.16"]
[Round "4.40"]
[White "Calvo Mayayo, Jose Maria"]
[Black "Campo Millan, Diego"]
[Result "1-0"]
[WhiteElo "1929"]
[BlackElo "2082"]
[PlyCount "83"]
[EventDate "2013.??.??"]
[EventType "tourn"]
[EventRounds "9"]
[EventCountry "ESP"]
[WhiteTeam "St. Casablanca C"]
[BlackTeam "CCOO Delicias"]

1. c4 e5 2. g3 g6 3. Bg2 Bg7 4. Nc3 Nc6 5. e4 d6 6. Nge2 Be6 7. d3 Qd7 8. Nd5
Nce7 9. h4 c6 10. Ne3 f5 11. f4 Nf6 12. O-O O-O 13. c5 dxc5 14. fxe5 Nh5 15.
Bf3 Nxg3 16. Nxg3 f4 17. Ng4 Qd4+ 18. Kg2 Bxg4 19. Ne2 Bxf3+ 20. Rxf3 Qd7 21.
Qb3+ Kh8 22. e6 Qc8 23. Bxf4 b5 24. Bg5 c4 25. Rxf8+ Bxf8 26. Qc3+ Kg8 27. Qf6
Qe8 28. dxc4 h6 29. Be3 Bg7 30. Qf3 Bxb2 31. Rf1 Bg7 32. Bc5 Bf8 33. Qf6 Nd5
34. Qf7+ Qxf7 35. exf7+ Kh7 36. exd5 Bxc5 37. dxc6 bxc4 38. Nf4 c3 39. Ne6 Bd6
40. f8=Q Rxf8 41. Nxf8+ Kg8 42. c7 1-0

[Event "Cto Equipos Aragon 2013 Preferente I"]
[Site "Aragon"]
[Date "2013.02.16"]
[Round "4.41"]
[White "Iglesias Fernandez, Luis"]
[Black "De la Riva Fernandez, Eduardo"]
[Result "1-0"]
[WhiteElo "1862"]
[BlackElo "1970"]
[PlyCount "74"]
[EventDate "2013.??.??"]
[EventType "tourn"]
[EventRounds "9"]
[EventCountry "ESP"]
[WhiteTeam "Ramiro C"]
[BlackTeam "El Olivar C"]

1. Nf3 Nf6 2. g3 d5 3. Bg2 b6 4. d3 Bb7 5. O-O Nbd7 6. Bf4 Nh5 7. Bg5 h6 8. Bd2
e5 9. e4 Nhf6 10. exd5 Bxd5 11. Nc3 Be7 12. Nxd5 Nxd5 13. Re1 O-O 14. Nxe5 Nxe5
15. Rxe5 c6 16. Bxd5 cxd5 17. Qh5 Bc5 18. c3 d4 19. c4 a5 20. Qg4 Qc8 21. Qxc8
Rfxc8 22. a4 Re8 23. Rae1 Kf8 24. Kg2 f6 25. Rxe8+ Rxe8 26. Rxe8+ Kxe8 27. Kf3
Kf7 28. Ke4 Ke6 29. g4 g6 30. Bxh6 f5+ 31. gxf5+ gxf5+ 32. Kf3 Kf6 33. Bf4 Ke6
34. Bc7 Kd7 35. Be5 Ke7 36. Kf4 Ke6 37. h4 Bf8 1-0

[Event "Cto Equipos Aragon 2013 Preferente I"]
[Site "Aragon"]
[Date "2013.02.16"]
[Round "4.42"]
[White "Hernandez Delgado, Gabriel"]
[Black "Abad Vinas, Jesus Manuel"]
[Result "0-1"]
[WhiteElo "1974"]
[BlackElo "1872"]
[PlyCount "98"]
[EventDate "2013.??.??"]
[EventType "tourn"]
[EventRounds "9"]
[EventCountry "ESP"]
[WhiteTeam "El Olivar C"]
[BlackTeam "Ramiro C"]

1. b3 Nf6 2. Bb2 g6 3. Bxf6 exf6 4. c4 Bg7 5. Nc3 d6 6. g3 Nc6 7. Bg2 O-O 8. d4
Bf5 9. d5 Ne5 10. Nf3 Re8 11. O-O Qd7 12. Re1 Re7 13. Nxe5 Rxe5 14. e3 Bh3 15.
Qf3 Bg4 16. Qf4 Rh5 17. Qe4 Bh3 18. Bh1 f5 19. Qc2 g5 20. f4 Re8 21. Rac1 Qe7
22. Bf3 Rh6 23. Kh1 a6 24. Re2 Qf6 25. Nd1 Bf1 26. Re1 Bh3 27. Nf2 g4 28. Bd1
Qg6 29. Nxh3 Rxh3 30. Qf2 h5 31. Kg2 h4 32. Bc2 Bc3 33. Rh1 Bb2 34. Rcd1 Bf6
35. Rdg1 Kg7 36. Kf1 hxg3 37. hxg3 Reh8 38. Qg2 Qh5 39. Rxh3 gxh3 40. Qf2 Qg4
41. Rh1 Re8 42. Qe2 Bc3 43. Qxg4+ fxg4 44. Ke2 Bd4 45. e4 f5 46. e5 dxe5 47.
Kd3 exf4 48. Kxd4 fxg3 49. Bxf5 g2 0-1

[Event "Cto Equipos Aragon 2013 Preferente I"]
[Site "Aragon"]
[Date "2013.02.16"]
[Round "4.43"]
[White "Gomez Salinas, Nestor"]
[Black "Galve Guinea, Alejandro"]
[Result "0-1"]
[WhiteElo "1883"]
[BlackElo "2025"]
[PlyCount "104"]
[EventDate "2013.??.??"]
[EventType "tourn"]
[EventRounds "9"]
[EventCountry "ESP"]
[WhiteTeam "Ramiro C"]
[BlackTeam "El Olivar C"]

1. e4 e6 2. d4 d5 3. Nc3 Bb4 4. Nge2 dxe4 5. a3 Bxc3+ 6. Nxc3 Nf6 7. Bg5 h6 8.
Bxf6 Qxf6 9. Nxe4 Qg6 10. Qf3 Bd7 11. Nc5 Bc6 12. Qd3 Qxd3 13. Nxd3 Nd7 14. f3
Bb5 15. b3 Bxd3 16. Bxd3 O-O 17. O-O Rad8 18. Rad1 Nf6 19. Rfe1 Rd7 20. Bc4
Rfd8 21. Rd3 Rxd4 22. Red1 Rxd3 23. Bxd3 Kf8 24. Kf2 c6 25. g3 Ke7 26. h3 Rd5
27. Re1 Kf8 28. Re2 Rg5 29. a4 Rd5 30. Bc4 Rd1 31. Bd3 Nd5 32. Re4 Rd2+ 33. Kf1
a5 34. Re2 Rxe2 35. Kxe2 Nb4 36. Kd2 Nxd3 37. Kxd3 Ke7 38. c3 Kd6 39. Kc4 e5
40. g4 g6 41. h4 f5 42. gxf5 gxf5 43. h5 c5 44. Kd3 Ke6 45. Ke3 Kf6 46. f4
exf4+ 47. Kxf4 Ke6 48. Kf3 Ke5 49. Ke3 f4+ 50. Kf3 Kf5 51. Kf2 Kg4 52. Kg2 Kxh5
0-1

[Event "Cto Equipos Aragon 2013 Preferente I"]
[Site "Aragon"]
[Date "2013.02.16"]
[Round "4.44"]
[White "Sarto Ramos, Angel"]
[Black "Laborda Perez, Jose Antonio"]
[Result "1-0"]
[WhiteElo "1957"]
[BlackElo "1599"]
[PlyCount "85"]
[EventDate "2013.??.??"]
[EventType "tourn"]
[EventRounds "9"]
[EventCountry "ESP"]
[WhiteTeam "El Olivar C"]
[BlackTeam "Ramiro C"]

1. Nf3 Nf6 2. d4 d5 3. e3 Bg4 4. Be2 g6 5. Nc3 Bg7 6. h4 h5 7. Ne5 Bxe2 8. Qxe2
c6 9. Bd2 Nbd7 10. Qd3 Nxe5 11. dxe5 Ng4 12. f4 e6 13. a4 Qe7 14. b4 b6 15. Rb1
O-O 16. g3 Rfc8 17. O-O Nh6 18. Kg2 Ng4 19. Ne2 Rd8 20. Nd4 Qe8 21. b5 c5 22.
Nc6 Rd7 23. Bc3 Kh8 24. Ra1 c4 25. Qe2 Rb7 26. Bd4 a6 27. c3 a5 28. Rad1 Rd7
29. Bxb6 f6 30. Bd4 f5 31. Bb6 Rb7 32. Bxa5 Rxa5 33. Nxa5 Ra7 34. Nc6 Rxa4 35.
Ra1 Qa8 36. Rxa4 Qxa4 37. Nd4 Qa7 38. Rb1 Qb6 39. Ra1 Qb7 40. Ra6 Bxe5 41. fxe5
Nxe5 42. Qa2 Nf7 43. Ra7 1-0

[Event "Cto Equipos Aragon 2013 Preferente I"]
[Site "Aragon"]
[Date "2013.02.16"]
[Round "4.45"]
[White "Del Corral Abancens, Alfonso"]
[Black "Pellicer Cemeli, Jose Luis"]
[Result "0-1"]
[WhiteElo "1923"]
[BlackElo "2068"]
[PlyCount "74"]
[EventDate "2013.??.??"]
[EventType "tourn"]
[EventRounds "9"]
[EventCountry "ESP"]
[WhiteTeam "Shatranj"]
[BlackTeam "L`Aurora Estadilla B"]

1. e4 c5 2. d4 cxd4 3. c3 dxc3 4. Nxc3 Nc6 5. Nf3 d6 6. Bc4 Nf6 7. e5 dxe5 8.
Qxd8+ Nxd8 9. Nxe5 a6 10. Be3 Be6 11. Be2 Nd5 12. Bd4 f6 13. Nd3 Nc6 14. Bc5
Nxc3 15. bxc3 Bd5 16. Nf4 Bf7 17. O-O e5 18. Bxf8 Rxf8 19. Nd3 Bc4 20. Rfe1 Kf7
21. Nc5 Bxe2 22. Rxe2 b5 23. Rd2 a5 24. Rd7+ Kg6 25. Rd6 Rac8 26. Re1 b4 27.
cxb4 Nxb4 28. Nd7 Rfe8 29. a3 Nc2 30. Nb6 Rc3 31. a4 Nd4 32. f4 Ne2+ 33. Kf1
Nxf4 34. Nd5 Nxd5 35. Rxd5 e4 36. Rxa5 e3 37. Rd1 e2+ 0-1

[Event "Cto Equipos Aragon 2013 Preferente I"]
[Site "Aragon"]
[Date "2013.02.16"]
[Round "4.46"]
[White "Puertolas Serena, Arturo"]
[Black "Ballonga Arruebo, Alejandro"]
[Result "1-0"]
[WhiteElo "1920"]
[BlackElo "1706"]
[PlyCount "68"]
[EventDate "2013.??.??"]
[EventType "tourn"]
[EventRounds "9"]
[EventCountry "ESP"]
[WhiteTeam "L`Aurora Estadilla B"]
[BlackTeam "Shatranj"]

1. d4 e6 2. Nf3 f5 3. g3 b6 4. Bg2 Bb7 5. O-O Nf6 6. Bg5 Be7 7. c4 Ne4 8. Bxe7
Qxe7 9. Nc3 O-O 10. Rc1 Na6 11. d5 Nac5 12. Nb5 a6 13. Nc3 Nxc3 14. Rxc3 exd5
15. cxd5 Qd6 16. Ng5 Rae8 17. b4 Ne4 18. Nxe4 fxe4 19. Qc2 Bxd5 20. Rd1 c6 21.
Bxe4 Rxe4 22. Qxe4 Qf6 23. Qd4 Qe6 24. e4 Bxe4 25. Qxd7 Qxa2 26. Qd4 Qe2 27.
Qc4+ Qxc4 28. Rxc4 Bd5 29. Rcc1 Re8 30. Ra1 Re4 31. Rdb1 Bc4 32. Rb2 Kf7 33. f3
Re5 34. Kf2 Kf6 1-0